00385nam a2200145Ia 4500003000400000008004100004040001600045082001300061100001400074245007000088260002900158650002200187650001700209650001300226GCL140319s9999 xx 000 0 eng d aGCL / cGCL04a690bB C1 aBARRY, R.10aTHE CONSTRUCTION OF BUILDING: VOL.1,2,3,4,5 4RD E D / cBARRY, R. a[S.N] : bELBS ، c198204aCIVIL ENGINEERING04aARCHITECTURE04aBUILDING